Loading...
| Philosophy | 0 | 8 | 1 | 2 | 75 | 38 | 95.38 | 2 | 5 | 0.00 | 0.00 |
| Science - Other | 0 | 4 | 0 | 1 | 40 | 29 | 91.25 | 1 | 1 | 0.00 | 0.00 |
| Religion | 0 | 4 | 1 | 1 | 35 | 52 | 102.50 | 0 | 2 | 0.00 | 0.00 |
| Painting & Sculpture | 0 | 3 | 0 | 1 | 30 | 87 | 121.33 | 0 | 0 | 0.00 | 0.00 |
| Fine Arts - Classical Music | 0 | 3 | 1 | 1 | 25 | 117 | 128.67 | 0 | 0 | 0.00 | 0.00 |
| Fine Arts - Other | 0 | 4 | 3 | 0 | 25 | 24 | 74.25 | 1 | 3 | 0.00 | 0.00 |
| History - European | 0 | 2 | 0 | 0 | 20 | 117 | 120.00 | 0 | 0 | 0.00 | 0.00 |
| Social Science | 0 | 2 | 1 | 0 | 15 | 88 | 89.50 | 1 | 2 | 0.00 | 0.00 |
| Science - Physics | 0 | 1 | 1 | 0 | 5 | 120 | 120.00 | 0 | 0 | 0.00 | 0.00 |
| Geography | 0 | 2 | 3 | 0 | 5 | 93 | 110.00 | 0 | 0 | 0.00 | 0.00 |
| Literature - American | 0 | 1 | 1 | 0 | 5 | 129 | 129.00 | 0 | 0 | 0.00 | 0.00 |
| Other Academic | 0 | 1 | 1 | 0 | 5 | 132 | 132.00 | 0 | 0 | 0.00 | 0.00 |
| History - American | 0 | 1 | 1 | 0 | 5 | 104 | 104.00 | 0 | 0 | 0.00 | 0.00 |
| Science - Biology | 0 | 0 | 0 | 0 | 0 | 0.00 | 0 | 0 | 0.00 | 0.00 | |
| Literature - World | 0 | 0 | 1 | 0 | -5 | 0.00 | 0 | 0 | 0.00 | 0.00 |